000 00316nam a2200097Ia 4500
082 _aJ 591.57 CHE
245 0 _aThe animal dialogues : uncommon encounters in the wild
100 _a CHILDS, Craig Leland New York, 2009 1st Back Bay pbk. ed
_985421
942 _cBK
008 210817s9999 xx 000 0 und d
999 _c319235
_d319234